[Event "Karl Mala Memorial op-B 16th"]
[Site "Frankfurt"]
[Date "2013.07.11"]
[Round "1"]
[White "Woehl, Sebastian"]
[Black "Philipp, Ian"]
[Result "1-0"]
[WhiteElo "1515"]
[BlackElo "1000"]
[PlyCount "97"]
[EventDate "2013.07.11"]
[EventType "swiss"]
[EventRounds "7"]
[EventCountry "GER"]
[SourceTitle "CBM 155 Extra"]
[Source "ChessBase"]
[SourceDate "2013.08.26"]
[SourceVersion "1"]
[SourceVersionDate "2013.08.26"]
[SourceQuality "1"]

1. e4 c6 2. d4 d5 3. Nc3 Nf6 4. e5 Ne4 5. Nxe4 dxe4 6. Bc4 e6 7. Be3 Nd7 8. Qg4 Nb6 9. Bb3 f6 10. exf6 Qxf6 11. Qxe4 Bd6 12. Nf3 Nd5 13. Bg5 Qf5 14. Bxd5 Qxd5 15. Qh4 0-0 16. 0-0 Bd7 17. Qg4 Rf7 18. b3 e5 19. Qh4 e4 20. c4 Qf5 21. Nd2 c5 22. Nxe4 h6 23. Nxd6 hxg5 24. Nxf5 gxh4 25. Nxh4 cxd4 26. Rad1 Rf4 27. Nf3 Re4 28. Rxd4 Bf5 29. Rxe4 Bxe4 30. Ng5 Bd3 31. Rd1 Be2 32. Re1 Re8 33. f3 Re5 34. h4 b5 35. cxb5 Rxb5 36. Rxe2 g6 37. g4 Rc5 38. Kg2 a5 39. Ne6 Rc8 40. Kg3 Rc1 41. Kf4 Kf7 42. Ng5+ Kf6 43. Re6+ Kg7 44. Ra6 Rc5 45. Ne6+ Kh6 46. Nxc5 a4 47. g5+ Kh5 48. Ra8 Kxh4 49. Rh8# 1-0

[Event "Rhein Main op-B 16th"]
[Site "Bad Homburg"]
[Date "2013.06.01"]
[Round "5"]
[White "Kitzler, Gerhard"]
[Black "Philipp, Ian"]
[Result "0-1"]
[WhiteElo "1215"]
[BlackElo "1954"]
[PlyCount "138"]
[EventDate "2013.05.29"]
[EventType "swiss"]
[EventRounds "7"]
[EventCountry "GER"]
[SourceTitle "EXT 2014"]
[Source "ChessBase"]
[SourceDate "2013.11.20"]
[SourceVersion "1"]
[SourceVersionDate "2013.11.20"]
[SourceQuality "1"]

1. e4 e5 2. Nf3 d6 3. Bc4 Be6 4. Bxe6 fxe6 5. d4 Nd7 6. Bg5 Ngf6 7. d5 h6 8. Bxf6 Qxf6 9. dxe6 Qxe6 10. 0-0 Nf6 11. Qd3 d5 12. Qb5+ c6 13. Qxb7 Rd8 14. exd5 Nxd5 15. Qb3 Bc5 16. Nc3 e4 17. Nxe4 Qxe4 18. Rfe1 Ne3 19. fxe3 Bb4 20. c3 Bd6 21. Re2 Rb8 22. Qc2 Qxc2 23. Rxc2 Bc5 24. Re2 0-0 25. Nd4 Rf7 26. Rf1 Rfb7 27. b3 a5 28. Nxc6 Ra8 29. Nd4 a4 30. bxa4 Rxa4 31. g3 g5 32. Kg2 Rba7 33. Rff2 Rc4 34. Rc2 Kg7 35. Ne6+ Kg6 36. Nxc5 Rxc5 37. Rc1 g4 38. Rfc2 Kg5 39. Kh1 h5 40. Kg2 h4 41. gxh4+ Kxh4 42. Rd1 Re7 43. Rd3 Rg5 44. Rcd2 g3 45. h3 Rf7 46. Rd4+ Kh5 47. Rf4 Re7 48. e4 Rc7 49. Rc2 Rd7 50. Rf5 Rd3 51. Rxg5+ Kxg5 52. a4 Kf4 53. e5 Kxe5 54. c4 Kd6 55. c5+ Kc6 56. Rc4 Ra3 57. h4 Re3 58. h5 Re5 59. h6 Rh5 60. Kxg3 Rxh6 61. Kf3 Rf6+ 62. Ke4 Re6+ 63. Kf5 Re1 64. Kf4 Rf1+ 65. Ke3 Re1+ 66. Kd2 Rh1 67. Kc3 Rc1+ 68. Kb4 Rb1+ 69. Ka5 Rb8 0-1

[Event "Rhein Main op-B 16th"]
[Site "Bad Homburg"]
[Date "2013.06.01"]
[Round "6"]
[White "Philipp, Ian"]
[Black "Pleyer, Christian"]
[Result "0-1"]
[WhiteElo "1954"]
[BlackElo "1539"]
[PlyCount "64"]
[EventDate "2013.05.29"]
[EventType "swiss"]
[EventRounds "7"]
[EventCountry "GER"]
[SourceTitle "EXT 2014"]
[Source "ChessBase"]
[SourceDate "2013.11.20"]
[SourceVersion "1"]
[SourceVersionDate "2013.11.20"]
[SourceQuality "1"]

1. d4 d5 2. e3 Nf6 3. Bd3 e6 4. f4 c5 5. c3 Nc6 6. Nd2 Be7 7. Ngf3 0-0 8. 0-0 Ng4 9. Qe2 f6 10. h3 Nh6 11. e4 Qb6 12. exd5 exd5 13. Qe3 Bd7 14. b4 cxd4 15. cxd4 Rae8 16. Qf2 Bf5 17. Bxf5 Nxf5 18. Bb2 Nxb4 19. Ne1 Rc8 20. g4 Nd6 21. a3 Nc2 22. Nxc2 Rxc2 23. Rfe1 Qxb2 24. Red1 Ne4 25. Qe1 Rxd2 26. Rab1 Qxd4+ 27. Kf1 Ng3+ 28. Qxg3 Rxd1+ 29. Rxd1 Qxd1+ 30. Kg2 Rc8 31. Qb3 Qxb3 32. g5 Rc2+ 0-1